Communist trade with developing countries: 1955-65 (Record no. 374967)

000 -LEADER
fixed length control field 00373cam a22001217a 4500
008 - FIXED-LENGTH DATA ELEMENTS--GENERAL INFORMATION
fixed length control field 180718b1966 xxu||||| |||| 00| 0 eng d
082 ## - DEWEY DECIMAL CLASSIFICATION NUMBER
Classification number T39 Sa97
100 ## - MAIN ENTRY--PERSONAL NAME
Personal name Sawyer, Carole A.
245 ## - TITLE STATEMENT
Title Communist trade with developing countries: 1955-65
Statement of responsibility, etc. by Carole A. Sawyer
260 ## - PUBLICATION, DISTRIBUTION, ETC.
Place of publication, distribution, etc. New York
Name of publisher, distributor, etc. Praeger
Date of publication, distribution, etc. 1966
300 ## - PHYSICAL DESCRIPTION
Extent 126p.
650 ## - SUBJECT ADDED ENTRY--TOPICAL TERM
Topical term or geographic name entry element Foreign Commerce - Communist Countries
Holdings
Withdrawn status Lost status Damaged status Not for loan Permanent Location Current Location Date acquired Full call number Barcode Date last seen Price effective from Koha item type
        Indian Institute of Public Administration Indian Institute of Public Administration 1994-06-30 T39 Sa97 41706 2018-07-21 2018-07-21 Book

Powered by Koha